000 00812nam a2200265Ia 4500
001 dia_1827
003 CHAP
005 20251021151154.0
008 220117s1969 xx 000 0 und d
010 _a172366
040 _cCHAP
082 _a631.55 M45 1969
110 _aFAO
_939428
245 _aMejores cosechas, mejores almacenadas : la función del almacenamiento en el abastecimiento mundial de alimentos
260 _aItalia :
_b FAO,
_c1969
300 _avii, 59 p.
410 _aEL MUNDO Y SU ALIMENTACIÓN, 9
440 _aEl mundo y su alimentación ; 9
_9151636
590 _aTX601 M45 1969
650 _aConservación de alimentos
_9140138
901 _a631.55 M45 1969
902 _aM
905 _a5232271969 it n 8222223322spa16
942 _cLIBRO
_2ddc
999 _c172366
_d172366